Anything but Romania Quiz Stats

Quiz Updated Apr 17, 2017

Challenge
Share
Tweet
Embed
Score 0/36 Timer 06:00
0 Plays Today
Hint Answer % Correct
Start with 'R'Russia
95.7%
Border the Black SeaRussia
95.7%
Start with 'R'Rwanda
88.4%
The Danube River flows throughGermany
85.6%
The Danube River flows throughHungary
84.6%
Border the Black SeaTurkey
83.9%
The Danube River flows throughAustria
83.7%
Border the Black SeaUkraine
83.3%
The Danube River flows throughUkraine
83%
The Danube River flows throughBulgaria
82.3%
Border the Black SeaBulgaria
82.3%
Are part of the EU, but not the Schengen AreaUnited Kingdom
81.6%
End with 'nia'Slovenia
80%
Are part of the EU, but not the Schengen AreaBulgaria
79.7%
The Danube River flows throughSlovakia
78.5%
End with 'nia'Albania
75.1%
Are part of the EU, but not the Schengen AreaCroatia
73%
The Danube River flows throughSerbia
72.4%
Hint Answer % Correct
The Danube River flows throughCroatia
72.2%
Border the Black SeaGeorgia
68.9%
End with 'nia'Lithuania
68.7%
Have a 3 striped flag with blue, yellow, and red stripes*Moldova
68%
The Danube River flows throughMoldova
68%
End with 'nia'Estonia
67%
End with 'nia'Armenia
66.9%
End with 'nia'Macedonia
63.4%
Are part of the EU, but not the Schengen AreaIreland
63.2%
Are part of the EU, but not the Schengen AreaCyprus
44.9%
Start with 'R'Republic of the Congo
44%
End with 'nia'Tanzania
43.2%
Have a 3 striped flag with blue, yellow, and red stripes*Andorra
35.2%
Have a 3 striped flag with blue, yellow, and red stripes*Colombia
30.9%
End with 'nia'Mauritania
27.9%
Have a 3 striped flag with blue, yellow, and red stripes*Chad
23.7%
Have a 3 striped flag with blue, yellow, and red stripes*Venezuela
20.2%
Have a 3 striped flag with blue, yellow, and red stripes*Ecuador
18.9%

You're not logged in!

Compare scores with friends on all Sporcle quizzes.
Sign Up with Email
OR
Log In

You Might Also Like...

Show Comments

Extras

Top Quizzes Today


Score Distribution

Your Account Isn't Verified!

In order to create a playlist on Sporcle, you need to verify the email address you used during registration. Go to your Sporcle Settings to finish the process.